| 000 | 00000nas 2200000za 4500 |
| 001 | 9.507361 |
| 003 | CaOODSP |
| 005 | 20221107133754 |
| 007 | cr ||||||||||| |
| 008 | 150406d20052007oncar p o f0 a0eng|d |
| 020 | |z0-662-41804-2|z0-662-49228-5|z978-0-662-69846-3 |
| 022 | |a1910-3506 |
| 040 | |aCaOODSP|beng |
| 043 | |an-cn--- |
| 086 | 1 |aH1-9/3E-PDF|zH1-9/3-2005E-PDF|zH1-9/3-2006|zH1-9/3-2007 |
| 110 | 1 |aCanada. |bHealth Canada. |
| 222 | 0|aAnnual report on the Access to Information Act and the Privacy Act |b(Canada. Health Canada) |
| 245 | 10|aAnnual report on the Access to Information Act and the Privacy Act |h[electronic resource] / |cHealth Canada. |
| 246 | 13|aAnnual report ..., Access to Information Act and the Privacy Act |
| 260 | |a[Ottawa] : |bHealth Canada, |c2005-2007. |
| 310 | |aAnnual |
| 362 | 0 |a2004/2005-2006/2007. |
| 500 | |aIssued also in French under title: Rapport annuel, Loi sur l'accès à l'information et Loi sur la protection des renseignements personnels. |
| 692 | 07|2gccst|aAccess to information |
| 692 | 07|2gccst|aPrivacy |
| 775 | 08|tRapport annuel, Loi sur l'accès à l'information et Loi sur la protection des renseignements personnels |w(CaOODSP)9.503751 |
| 785 | 00|tPrivacy Act, annual report |w(CaOODSP)9.506101 |
| 785 | 00|tAccess to Information Act, annual report |w(CaOODSP)9.506100 |